| 000 | 00837na a2200289 4500 | ||
|---|---|---|---|
| 001 | 21898 | ||
| 003 | MIRAKIL | ||
| 005 | 20181226092846.0 | ||
| 008 | 170208b tu n0 0 0 | ||
| 035 | _a20918 | ||
| 040 |
_aMilas _btur _cTR-AnCHP |
||
| 041 | _atur | ||
| 090 | _a050 DER 46 | ||
| 245 |
_aFikir ve san'atta hareket aylık dergi _baylık dergi _c[hazırlayan] Nurettin Topçu |
||
| 246 | _aFikir ve sanatta hareket dergi | ||
| 246 | _aFikir ve sanatta hareket | ||
| 260 |
_aİstanbul _c1966- |
||
| 300 |
_ac. _bres. _c28 sm. |
||
| 310 | _aAylık | ||
| 362 | _aSayı 25 (Ocak 1968) -35 (Kasım 1968) | ||
| 650 |
_aEdebiyat _vSüreli yayınlar |
||
| 650 |
_aKültür _vSüreli yayınlar |
||
| 650 |
_aFelsefe _vSüreli yayınlar |
||
| 650 |
_aSanat _vSüreli yayınlar |
||
| 910 | _aDERGİ 46 | ||
| 942 |
_2ddc _cSER |
||
| 999 |
_c11504 _d11504 |
||